| 000 | 00337nam a22001097a 4500 | ||
|---|---|---|---|
| 082 | _a621.47 PHO'M | ||
| 100 |
_aMUFTI, DR. ATIQUE _980621 |
||
| 245 | _aPHOTO VOLTAIC TECHNOLOGY (SOLAR CELL FABRICATION) ,13-22 MAY, 1990 INTERNATIONAL SYMPOSIUM - WORKSHOP | ||
| 260 |
_aISLAMABAD _bNATIONAL INSTITUTE _c1990 |
||
| 300 | _aV-2 | ||
| 942 | _cBK | ||
| 999 |
_c585520 _d585520 |
||